000 00313nam a22001337a 4500
008 210304b ||||| |||| 00| 0 eng d
020 _a9780023792014
041 _aeng
080 _26th
_a311
100 _a55
101 _aSTA
245 _aStatistics for business and Economics
_cMcclave,T.J
942 _2udc
_cBK
999 _c55737
_d55737